[Event "CAN-ch U16U18 Girls"]
[Site "Quebec"]
[Date "2018.07.02"]
[Round "1.8"]
[White "Cao, Yingying"]
[Black "Ouellet, Maili Jade"]
[Result "0-1"]
[WhiteElo "1835"]
[BlackElo "2323"]
[PlyCount "66"]
[EventDate "2018.07.02"]
[EventType "swiss"]
[EventRounds "7"]
[EventCountry "CAN"]
[SourceTitle "EXT 2022"]
[Source "ChessBase"]
[SourceDate "2021.10.06"]
[SourceVersion "1"]
[SourceVersionDate "2021.10.06"]
[SourceQuality "1"]

1. d4 d5 2. Bf4 Nf6 3. Nf3 c5 4. c3 Nc6 5. dxc5 a5 6. e3 e6 7. Bb5 Bxc5 8. Ne5 Bd7 9. Nxd7 Qxd7 10. h3 0-0 11. Nd2 Qe7 12. Bxc6 bxc6 13. Nf3 Nd7 14. Qa4 Rfc8 15. Bh2 f6 16. Nd4 Nb6 17. Qc2 g6 18. 0-0 e5 19. Nb3 Bd6 20. a4 Qb7 21. Nd2 Rab8 22. Rfb1 Nd7 23. h4 Nc5 24. g4 Qd7 25. f3 Qa7 26. h5 Kg7 27. Kf2 Qa6 28. c4 Rb4 29. b3 Rcb8 30. Qc3 Qb6 31. Ra3 d4 32. exd4 exd4 33. Qxd4 Nd3+ 0-1